La Junta Suprema de Canarias / (Record no. 34843)

MARC details
000 -LEADER
campo de control de longitud fija 00877nam a2200217 i 4500
001 - NÚMERO DE CONTROL
campo de control 34843
003 - IDENTIFICADOR DE NÚMERO DE CONTROL
campo de control ES-MaACL
005 - FECHA Y HORA DE LA ÚLTIMA TRANSACCIÓN
campo de control 20250923160852.0
007 - CAMPO FIJO DE DESCRIPCIÓN FÍSICA--INFORMACIÓN GENERAL
campo de control de longitud fija t|
008 - DATOS DE LONGITUD FIJA--INFORMACIÓN GENERAL
campo de control de longitud fija 030211s1948 sp ||||1| spa d
100 1# - ENTRADA PRINCIPAL--NOMBRE DE PERSONA
Nombre de persona Bonnet, Buenaventura.
9 (RLIN) 145248
245 13 - MENCIÓN DEL TÍTULO
Título La Junta Suprema de Canarias /
Mención de responsabilidad, etc. por Buenaventura Bonnet y Reveron ; prólogo de Antonio Rumeu de Armas.
260 ## - PUBLICACIÓN, DISTRIBUCIÓN, ETC.
Lugar de publicación, distribución, etc. La Laguna de Tenerife :
Nombre del editor, distribuidor, etc. [s.n.,
Fecha de publicación, distribución, etc. 1948] (
Lugar de fabricación/manufactura Santa Cruz de Tenerife :
Fabricante Imp. Católica)
300 ## - DESCRIPCIÓN FÍSICA
Extensión CXLIII, 799 p., 8 lám. ;
Dimensiones 25 cm.
500 ## - NOTA GENERAL
Nota general Precede al tít.: Real Sociedad Económica de Amigos del País de Tenerife.
700 1# - ENTRADA AGREGADA--NOMBRE PERSONAL
Nombre de persona Rumeu de Armas, Antonio,
Fechas asociadas al nombre 1912-2006
9 (RLIN) 100991
710 2# - ENTRADA AGREGADA--NOMBRE DE ENTIDAD CORPORATIVA
Nombre de entidad corporativa o nombre de jurisdicción como elemento de entrada Real Sociedad Económica de Amigos del País de Tenerife
9 (RLIN) 170697
852 ## - LOCALIZACIÓN
Ubicación ES-MaACL
Número de control de estantería B-10708
Sublocalización o colección R.28679
852 ## - LOCALIZACIÓN
Ubicación ES-MaACL
Número de control de estantería 1929-F-10
Sublocalización o colección R.30635
Holdings
Estatus retirado Estado de pérdida Estado de daño No para préstamo Colección Biblioteca de origen Biblioteca actual Ubicación en estantería Fecha de adquisición Fuente de adquisición Total de préstamos Signatura topográfica completa Código de barras Visto por última vez Precio de reemplazo Tipo de ítem Koha
        Colección de folletos Biblioteca del Ateneo de Madrid Biblioteca del Ateneo de Madrid Depósito folletos 17/01/2008     1929-F-10 1036374 23/02/2023 23/02/2023 Folleto
          Biblioteca del Ateneo de Madrid Biblioteca del Ateneo de Madrid Sala Pardo Bazán 17/01/2008     B-10708 1036373 23/02/2023 23/02/2023 Libro impreso